000 00566nam a2200217 a 4500
999 _c6240
_d6240
001 6240
003 BD-JhCC
005 20180117174223.0
008 180117s19661967rh |||| || | 000 0 eng d
035 _a(BD-JhCC)6240
040 _aBD-JhCC
_dBD-JhCC
041 _aeng
082 _a808.042076
_bRUS 1967
100 _aRussell, Anthony
245 _aSummary and Composition /
_c Anthony Russell,
260 _aNairobbi :
_bHeinemann Educational Books Ltd,
_c1967.
300 _a75 p. :
_c20 cm.
650 _aEnglish Language
942 _2ddc
_cBK